Lana Del Rey Guess the Song by Lyrics (1) - Statistics

General Stats
  • This quiz has been taken 476 times
  • The average score is 73 of 210
Answer Stats
Answer % Correct
I
97%
a
93%
you
91%
the
80%
we
71%
We
71%
to
67%
when
62%
and
61%
where
59%
do
58%
go
56%
my
56%
It
54%
I'm
49%
in
49%
No
48%
so
43%
So
43%
for
41%
can
40%
that
40%
of
39%
It's
37%
was
34%
just
28%
All
26%
time
25%
could
23%
One
21%
up
20%
had
18%
our
18%
said
18%
back
16%
them
16%
dark
15%
think
15%
dream
13%
now
13%
America
12%
New
12%
mind
11%
only
11%
left
10%
place
10%
sky
10%
used
10%
York
10%
still
9%
That's
9%
things
9%
without
9%
Didn't
8%
drive
8%
Took
8%
friends
7%
looking
7%
own
7%
San
7%
about
6%
City
6%
fly
6%
Francisco
6%
over
6%
trip
6%
after
5%
collide
5%
gun
5%
many
5%
train
5%
version
5%
watch
5%
work
5%
before
4%
blues
4%
fireworks
4%
flew
4%
park
4%
another
3%
bombs
3%
flag
3%
freely
3%
line
3%
listen
3%
children
2%
Fresno
2%
Hudson
2%
jive
2%
quite
2%
River
2%
scenic
2%
worry
2%
drive-ins
1%
Lake
1%
Missed
1%
Placid
1%
Pulled
1%
twice
1%
No matching quizzes found
Score Distribution
Percent of People with Each Score
Percentile by Number Answered
Your Score History
You have not taken this quiz